000
00281nam a2200121 a 4500
008
101021s1988|||| d
100
1
_a
Kotzwinkle, William
245
1
0
_a
E.T. Mimozemšťan
260
_b
Smena
_a
Bratislava
_c
1988
020
_c
23
041
_a
slo
044
_a
xo
_c
SK
999
_c
11955
_d
11955